000 01081na a2200265 4500
001 22845
003 MIRAKIL
005 20181213155242.0
008 170226b tu 000 0
035 _a20666
040 _aMilas
_btur
_cTR-AnCHP
041 _atur
082 _aCHP 350
_bBurhaniye
090 _aCHP 350 Burhaniye
091 _aYEREL YÖNETİMLER 3
245 _aCHP Burhaniye ilçe örgütünün çeşitli yazı, program ve faaliyet raporları
500 _aCHP il ve ilçe örgütlerinin yayınları, programları, ve çeşitli çalışma faaliyet ve raporları
505 _aCHP parti içi eğitim eğitici ders notları / CHP Burhaniye İlçe Başkanlığı
610 _aCHP
_xYerel yönetimler
_yÇalışma raporları
_zBurhaniye, Balıkesir
610 _aCHP
_xİl ve ilçe teşkilatları
_yÇalışma raporları
_zBurhaniye, Balıkesir
610 _aCHP
_xYerel yönetimler
_yProgramlar
740 _aCHP parti içi eğitim eğitici ders notları / CHP Burhaniye İlçe Başkanlığı
942 _2ddc
_cBKS
999 _c9291
_d9291